Sabichão III - Statistics

Estatísticas Gerais
  • Esse quiz foi jogado 76 vezes
  • A pontuação média é 3 de 13
Estatísticas das Respostas
Hint Resposta % Correto
O telefone foi inventado por Graham Bell
63%
Quem pintou 'A Ceia' no refeitório de Santa Maria das Gaças Leonardo da Vinci
50%
Quem descobriu a penicilina Sir Fleming
46%
Quem inventou o papel Chineses
39%
Quem inventou alfabeto Fenícios
31%
Quem inventou a imprensa Guttenberg
26%
Quem pintou o tecto da capela Sixtina Miguel Ângelo
22%
Quem iniciou o Impressionismo Monet
22%
Quem pintou as grandes composições que decoram as salas do Vaticano Rafael
17%
O que inventou Thimmonier Máquina de costura
2%
Quem foi o primeiro homem no espaço Yuri Gagarine
2%
Quem inventou o automóvel a gasolina Daimier
0%
Quem inventou o avião a jacto Gianni Caproni
0%
Nenhum quiz correspondente encontrado
Distribuição das Pontuações
Porcentagem de Pessoas com Cada Pontuação
Percentil de Números Respondidos
Sua Pontuação Histórica
Você não jogou esse quiz